000 00964cam a22001934a 4500
005 20250605164008.0
008 250528s ||||||||||||||||||||||||d
035 _a15873
020 _a13021972
040 _aGR-AtMCL
_bgre
_dGR-AtMCL
_eAACR2
245 1 _aThe Essence of Computing Projects / A Student's Guide
260 _bPearson Education Limited,
_c2000
300 _a180
520 _aA concise, practical and uniform introduction to the core components of an undergraduate computing degree. Preface, Introduction: What are Computing Projects, Setting Your Project's Foundation, Choosing a Project and Writing a Proposal, Project Planning, Conducting Your Project, Literature Searching and Literature Reviews, Doing Your Project, Presenting Your Project, Presenting Your Project in Written Form, Presentation Skills, Final Considerations, Bibliography, Index.
700 1 _aDawson W. Christian
_91894
942 _cBK
999 _c1421
_d1421